| 000 | 00595nam a22001937a 4500 | ||
|---|---|---|---|
| 003 | NUST | ||
| 005 | 20230907094812.0 | ||
| 008 | 190807b ||||| |||| 00| 0 eng d | ||
| 038 | _aMr. Noman | ||
| 082 | _a658.4 | ||
| 100 |
_aZeeshan, Muhammad _918618 |
||
| 245 |
_aAnalysis of Mechanical Engineering Design Process of R&D Organization by Using Six Sigma Methodology _cMuhammad Zeeshan. |
||
| 260 |
_aIslamabad: _bNBS - NUST, _c2013. |
||
| 300 |
_a68 p.: ill.; _c30cm. |
||
| 500 | _aHardcover. | ||
| 650 |
_aEMBA Thesis. _917645 |
||
| 700 |
_aNadia Zaheer Khan. _919079 |
||
| 942 |
_2ddc _cTHE |
||
| 999 |
_c527751 _d527751 |
||